| 000 | 00623nam a22002052 4500 | ||
|---|---|---|---|
| 001 | 0000000053 | ||
| 005 | 20151217151743.0 | ||
| 008 | 070109s xx 000 0 eng d | ||
| 020 | _cKES 1,400 | ||
| 040 |
_aKABU _cKABU |
||
| 100 | 1 |
_aMinium, Edward W. _@0000148029 |
|
| 245 | 1 | 0 |
_aStatistical reasoning in psychology and education / _cEdward W. Minium. |
| 260 |
_aNew York : _bJohn Wiley, _cc1970. |
||
| 300 |
_axx, 465 p. ; _c24 cm. |
||
| 650 | 0 |
_aPsychometrics. _@0000148030 |
|
| 650 | 0 |
_aEducational statistics. _@0000148031 |
|
| 908 | _a070109 | ||
| 950 | _@1 | ||
| 999 |
_c4701 _d4701 |
||